<?xml version="1.0" encoding="UTF-8"?>
<record
    xmlns:xsi="http://www.w3.org/2001/XMLSchema-instance"
    xsi:schemaLocation="http://www.loc.gov/MARC21/slim http://www.loc.gov/standards/marcxml/schema/MARC21slim.xsd"
    xmlns="http://www.loc.gov/MARC21/slim">

  <leader>02590cam a22003015a 4500</leader>
  <controlfield tag="001">11864845</controlfield>
  <controlfield tag="005">20161017124625.0</controlfield>
  <controlfield tag="008">991210s2000    enk    frb    001 0 eng d</controlfield>
  <datafield tag="020" ind1=" " ind2=" ">
    <subfield code="a">0415184916 (pb)</subfield>
  </datafield>
  <datafield tag="020" ind1=" " ind2=" ">
    <subfield code="a">9780415184915</subfield>
  </datafield>
  <datafield tag="040" ind1=" " ind2=" ">
    <subfield code="a">DLC</subfield>
    <subfield code="c">DLC</subfield>
    <subfield code="d">DLC</subfield>
    <subfield code="d">EG-ScBUE</subfield>
    <subfield code="b">eng</subfield>
  </datafield>
  <datafield tag="082" ind1="0" ind2="4">
    <subfield code="a">305.42</subfield>
    <subfield code="2">22</subfield>
    <subfield code="b">GLO</subfield>
  </datafield>
  <datafield tag="245" ind1="0" ind2="0">
    <subfield code="a">Global feminisms since 1945 /</subfield>
    <subfield code="c">edited by Bonnie G. Smith.</subfield>
  </datafield>
  <datafield tag="260" ind1=" " ind2=" ">
    <subfield code="a">Oxford ;</subfield>
    <subfield code="a">New York :</subfield>
    <subfield code="b">Routledge / Taylor &amp; Francis Group,</subfield>
    <subfield code="c">2000.</subfield>
  </datafield>
  <datafield tag="300" ind1=" " ind2=" ">
    <subfield code="a">xii, 319 p. ;</subfield>
    <subfield code="c">24 cm.</subfield>
  </datafield>
  <datafield tag="490" ind1="0" ind2=" ">
    <subfield code="a">Rewriting histories.</subfield>
  </datafield>
  <datafield tag="500" ind1=" " ind2=" ">
    <subfield code="a">Index : p. 314-319.</subfield>
  </datafield>
  <datafield tag="504" ind1=" " ind2=" ">
    <subfield code="a">Includes bibliographical references.</subfield>
  </datafield>
  <datafield tag="505" ind1=" " ind2=" ">
    <subfield code="a">Introduction -- pt.1 Nation Building: 1. Competing Agenda: Feminisms, Islam, and the State in nineteenth- and twentieth century Egypt, Margot Badran -- 2. Women and Revolution in Vietnam, Mary Anne Tetreault -- 3. Gender and Nation-Building in South Africa, Zengie A. Mangaliso -- pt. 2. Sources of Activism: 4. Female Consciousness or Feminist Consciousness? Women's Consciousness Raising in Community-Based Struggles in Brazil, Yvonne Corcoran-Nantes -- 5. The Mother of Warriors and her Daughters: The Women's Movement in Kenya, Wilhelmina Odoul and Wanjiku Mukabi Kabira -- 6. Minjung Feminism: Korean Women's Movement for Gender and Class Liberation, Miriam Chung Yoon Louie -- pt. 3. Women's Liberation: Born for Liberty: 7. Decade of Discovery, Sarah Evans -- 8. It's Not Unusual: Gay and Lesbian History in Britain, Alkarim Jivani -- 9. Feminist Critiques of Modern Japanese Politics, Vera Mackie -- pt. 4. New Waves in the 1980s and 1990s: 10. Organizing Women before and after the Fall: Women's Politics in the Soviet Union and Post-Soviet Russia, Linda Racioppi and Katherine O'Sullivan See -- 11. Eluding the Feminist, Overthrowing the Modern? Transformations in Twentieth Century Iran, Zohreh T. Sullivan -- 12. Human Rights are Women's Right: Amnesty International and the Family, Saba Bahar -- 13. The NGO-ization of Feminism: Institutionalization and Institution Building within the German Women's Movement, Sabine Lang -- 14. Some Reflections on US Women of Colour and the United Nations Fourth World Conference on Women and NGO Forum in Beijing, China, Mallika Dutt.</subfield>
  </datafield>
  <datafield tag="650" ind1=" " ind2="7">
    <subfield code="a">Feminism</subfield>
    <subfield code="v">Cross-cultural studies.</subfield>
    <subfield code="2">BUEsh</subfield>
    <subfield code="9">40309</subfield>
  </datafield>
  <datafield tag="650" ind1=" " ind2="7">
    <subfield code="a">Women</subfield>
    <subfield code="x">Political activity</subfield>
    <subfield code="v">Cross-cultural studies.</subfield>
    <subfield code="2">BUEsh</subfield>
    <subfield code="9">40311</subfield>
  </datafield>
  <datafield tag="651" ind1=" " ind2=" ">
    <subfield code="2">BUEsh</subfield>
  </datafield>
  <datafield tag="653" ind1=" " ind2=" ">
    <subfield code="b">EEENG</subfield>
    <subfield code="c">June2016</subfield>
  </datafield>
  <datafield tag="653" ind1=" " ind2=" ">
    <subfield code="b">HHUUEENN</subfield>
    <subfield code="c">October2016</subfield>
  </datafield>
  <datafield tag="653" ind1=" " ind2=" ">
    <subfield code="b">BUSBOL</subfield>
    <subfield code="c">October2016</subfield>
  </datafield>
  <datafield tag="700" ind1="1" ind2=" ">
    <subfield code="a">Smith, Bonnie G.,&#x200F;</subfield>
    <subfield code="d">1940-&#x200F; </subfield>
    <subfield code="9">41550</subfield>
    <subfield code="e">editor.</subfield>
  </datafield>
  <datafield tag="942" ind1=" " ind2=" ">
    <subfield code="2">ddc</subfield>
    <subfield code="e">22</subfield>
    <subfield code="k">305.42 GLO</subfield>
  </datafield>
  <datafield tag="999" ind1=" " ind2=" ">
    <subfield code="c">21948</subfield>
    <subfield code="d">21920</subfield>
  </datafield>
  <datafield tag="952" ind1=" " ind2=" ">
    <subfield code="0">0</subfield>
    <subfield code="1">0</subfield>
    <subfield code="2">ddc</subfield>
    <subfield code="4">0</subfield>
    <subfield code="7">0</subfield>
    <subfield code="8">Baccah</subfield>
    <subfield code="a">MAIN</subfield>
    <subfield code="b">MAIN</subfield>
    <subfield code="c">1ST</subfield>
    <subfield code="d">2016-06-23</subfield>
    <subfield code="e">Purchase</subfield>
    <subfield code="g">714.00</subfield>
    <subfield code="h">25868</subfield>
    <subfield code="l">3</subfield>
    <subfield code="m">8</subfield>
    <subfield code="o">305.42 GLO</subfield>
    <subfield code="p">000032840</subfield>
    <subfield code="r">2025-07-15 00:00:00</subfield>
    <subfield code="s">2018-11-06</subfield>
    <subfield code="v">893.00</subfield>
    <subfield code="y">BB</subfield>
  </datafield>
  <datafield tag="952" ind1=" " ind2=" ">
    <subfield code="0">0</subfield>
    <subfield code="1">0</subfield>
    <subfield code="2">ddc</subfield>
    <subfield code="4">0</subfield>
    <subfield code="7">0</subfield>
    <subfield code="8">Baccah</subfield>
    <subfield code="a">MAIN</subfield>
    <subfield code="b">MAIN</subfield>
    <subfield code="c">1ST</subfield>
    <subfield code="d">2016-10-17</subfield>
    <subfield code="e">Purchase</subfield>
    <subfield code="g">452.00</subfield>
    <subfield code="h">26103</subfield>
    <subfield code="l">1</subfield>
    <subfield code="m">12</subfield>
    <subfield code="o">305.42 GLO</subfield>
    <subfield code="p">000033438</subfield>
    <subfield code="r">2025-07-15 00:00:00</subfield>
    <subfield code="s">2017-11-08</subfield>
    <subfield code="v">566.00</subfield>
    <subfield code="y">BB</subfield>
  </datafield>
</record>
